Die Sünden der Welt Aus GOttes Wort zu Beforderung des wahren Christenthums, der Welt vor Augen gestellet und In achtzehen Capitel deutlich abgefasset

Bibliographic Details
Main Author: Berbern, Christian M. (Author)
Other Authors: Hetel, Christoph (Printer)
Format: Book
Language:German
PhysicalDescription:[24], 200 s. [1] 14 cm
Published: Dreßden verlegts Christoph Hetel Buchbinder 1690
Subjects:

MARC

LEADER 00000nam a2200000 4500
001 vtls011580636
003 SK-MaSNL
005 20260302052300.0
008 180810s1690 gw 0 0n0 ger
015 |a SNBHFA1690 
040 |a SNKHF  |b slo  |c SNK  |e AACR2 
041 0 |a ger 
044 |a gw  |c DE 
072 7 |a 27-46/-48  |x Pastorálna teológia  |2 konspekt 
072 7 |a 27  |x Kresťanstvo. Kresťanská cirkev všeobecne. Ekleziológia  |2 konspekt 
080 |a 27-475.5  |2 2011 
080 |a 27  |2 2011 
100 1 |a Berbern, Christian M.  |4 aut  |9 708947 
245 1 4 |a Die Sünden der Welt Aus GOttes Wort zu Beforderung des wahren Christenthums, der Welt vor Augen gestellet und In achtzehen Capitel deutlich abgefasset  |c durch M. Christian Berbern bißhero Pfarrern zu Schönberg, nunmehr aber vocirten Pfarr nach Lockewiß 
260 |a Dreßden  |b verlegts Christoph Hetel Buchbinder  |c 1690 
300 |a [24], 200 s. [1]  |c 14 cm 
500 |a Vinety, linky, iniciálkay na 3r., 4r. a 5r.; červeno-čierny titulný list 
501 |a Príväzok 4. k: Bentendorff, Heinrich. Geliger Marter - Stand der ersten Chriften. Lüneburg: [b.n.], 1664.  |5 SNK IE 5363 
508 |a Predslov 
546 |a Nemčina  |b Fraktúra 
650 0 7 |a pastorálna teológia  |2 SNKPH  |9 1811 
650 0 7 |a kresťanstvo  |2 SNKPH  |9 2024 
700 1 |a Hetel, Christoph  |4 prt  |4 bsl  |9 708948 
752 |a Nemecko  |d Drážďany 
852 |a snk  |p IE 5363 
958 |a ONDV 
999 |c 1104551  |d 1106481 
952 |a SNK  |b SNK  |y PREZ  |7 0  |p 17A1129091  |o snkIE 5363 prív.4  |i snkF 365/1974  |0 0  |1 0  |4 0  |d 2016-09-21  |l 0  |r 2026-02-24 17:41:53  |w 2026-02-24